| 000 | 00740cam a2200229 4500 | ||
|---|---|---|---|
| 001 | 4617 | ||
| 005 | 20230404130038.0 | ||
| 008 | 060907n2002 cu ao spa | ||
| 020 | _a8460923843 | ||
| 041 | _aspa | ||
| 050 | 1 | 4 |
_a107 F 1799 _bB142h 2002 |
| 100 | 1 |
_aBáez, Miguel Angel, _d1963- |
|
| 245 | 0 | 0 |
_aHabana : _b57 fotos panorámicas / _cMiguel Angel B., Gilberto Rabassa |
| 260 |
_a[Cuba] : _bAurelia Internacional, _c2002. |
||
| 300 |
_a1v. (unpaged) : _bill., maps. |
||
| 500 | _aTexto en español traducido al inglés. | ||
| 650 | 0 |
_aHavana (Cuba) _vPictorial works. |
|
| 650 | 0 |
_aHavana (Cuba) _xDescription and travel. |
|
| 650 | 0 |
_aPhotography, Panoramic _zCuba _zHavana. |
|
| 700 | _aRabassa, Gilberto. | ||
| 942 |
_2lcc _cbk |
||
| 999 |
_c9839 _d9839 |
||